header

APPLYING REGRESSION & CORRELATION: Aguide for students & researchers (Record no. 251904)

MARC details
000 -LEADER
fixed length control field 00304nam a22001097a 4500
020 ## - INTERNATIONAL STANDARD BOOK NUMBER
ISBN 9780761962304
100 ## - MAIN ENTRY--AUTHOR NAME
Personal name MILES JEREMY & SHEVLIN MARK
245 ## - TITLE STATEMENT
Title APPLYING REGRESSION & CORRELATION: Aguide for students & researchers
260 ## - PUBLICATION, DISTRIBUTION, ETC. (IMPRINT)
Place of publication UK
Name of publisher SAGE PUBLICATIONS
Year of publication 2013
300 ## - PHYSICAL DESCRIPTION
Number of Pages 253
Other physical details ILL
942 ## - ADDED ENTRY ELEMENTS (KOHA)
Koha item type Long Loan Books

No items available.

© 2026 Rongo University
Contact us: librarian | system librarian | Rongo university